000 00330nam a2200133Ia 4500
008 240624s9999 xx 000 0 und d
041 _aeng
082 _a306.4 MEE
100 _aMEETHAN K
245 _aTOURISM CONSUMPTION AND REPRESENTATION
260 _c2006
_aUSA
_bCABI
300 _axv, : 304 : p. : cm. ; 24
365 _c
_b28
999 _c21297
_d21297